000 00947cam a2200289 4500
001 M1607
008 090401t1994 xxu||||| |||| 00| 0 eng d
035 _a(Sirsi) u33277
041 _aeng
050 _a333.73
110 _aUnited Kingdom
_bDepartment of the Environment
_9982
245 _aGuidance on preliminary site inspection of contaminated land: volume 1.
260 _aLondon
_bDepartment of the Environment
_c1994
300 _a17p. ; 30cm
350 _a7
490 _aContaminated Land Research Report
490 _aCommonwealth Law Reports
_v2
520 _aVolume 1 is intended to be a manual for use on site and includes a check list and assessment forms.
650 _aCONTAMINATED LAND
650 _aENVIRONMENTAL ASSESSMENT
650 _aENVIRONMENTAL CONTROL
650 _aSITE INSPECTION
690 _aLAND
710 _aApplied Environmental Research Centre Ltd.
_91519
942 _n0
948 _c04/03/1997
999 _c89789
_d89789